Gương mặt thế giới hiện đại /

সংরক্ষণ করুন:
গ্রন্থ-পঞ্জীর বিবরন
অন্যান্য লেখক: Phạm Hữu Vang, Trần Mạnh Thường, Trương Đức Vĩ Nhật
বিন্যাস: Sách giấy
ভাষা:Vietnamese
প্রকাশিত: Hà Nội : Văn hoá Thông tin , 2001
ট্যাগগুলো: ট্যাগ যুক্ত করুন
কোনো ট্যাগ নেই, প্রথমজন হিসাবে ট্যাগ করুন!
Thư viện lưu trữ: Thư viện Trường Đại học Đà Lạt
LEADER 00718nam a2200265 4500
001 DLU020019218
005 ##12/18/2001
020 # # |a 978- 
041 # # |a vie 
082 # # |a 330.9  |b Guo 
245 # # |a Gương mặt thế giới hiện đại /  |c Trần Mạnh Thường, Trương Đức Vĩ Nhật, Phạm Hữu Vang, ...  
260 # # |a Hà Nội :  |b Văn hoá Thông tin ,  |c 2001 
300 # # |a 1435 tr.;   |c 21 cm. 
700 # # |a Phạm Hữu Vang 
700 # # |a Trần Mạnh Thường 
700 # # |a Trương Đức Vĩ Nhật 
992 # # |a 120000 
994 # # |a DLU 
900 # # |a False 
911 # # |a Administrator 
925 # # |a G 
926 # # |a A 
927 # # |a SH 
980 # # |a Thư viện Trường Đại học Đà Lạt